000 00615nam a2200229Ia 4500
003 OSt
005 20220918191803.0
006 a|||||r|||| 00| 0
007 ta
008 220917b |||||||| |||| 00| 0 eng d
024 _a65,035
037 _cTextual
040 _aARTS
_cARTS
_beng
041 _2eng
_aeng
082 _aR1xH40:g, M3
100 _aBos E P
_977181
245 0 _aMarilius of Inghen
_b Treatises on the properties of terms
260 _aDordrecht
_bD Reidel
_c1983
300 _aviii, 274p.
_ccm.
942 _hR1xH40:g, M3
_cTEXL
_2CC
999 _c191372
_d191372